Sanat - "Putte-possun nimipäivät" - Statistics

Yleistilastot
  • Tätä visaa on pelattu 19 kertaa
  • Keskiarvotulos 55 / 93
Vastaustilastot
Vastaus % Oikein
possu
100%
possun
100%
Putte
100%
Putte
100%
vietettiin
100%
eilen
93%
nimipäivää
93%
ja
86%
ja
86%
ja
86%
Ja
86%
ja
86%
ja
86%
Ja
86%
niin
86%
niin
86%
niin
86%
oli
86%
oli
86%
oli
86%
oli
86%
jospa
79%
jospa
79%
jospa
79%
kaikilla
79%
kaikilla
79%
kaikilla
79%
mukana
79%
mukana
79%
mukana
79%
mukavaa
79%
mukavaa
79%
mukavaa
79%
oi
79%
oi
79%
oi
79%
oisin
79%
oisin
79%
oisin
79%
olla
79%
olla
79%
olla
79%
saanu
79%
siellä
79%
siellä
79%
siellä
79%
siellä
79%
siellä
79%
kutsuttiin
57%
tutut
57%
ystävät
57%
vierahiksi
50%
ensin
43%
ensin
43%
heille
43%
karamellit
43%
keitettiin
43%
Leikit
43%
leikittiin
43%
saanut
43%
saanut
43%
sitten
43%
sitten
43%
vielä
43%
avaintakin
36%
kätkettiin
36%
laivaa
36%
lastattiin
36%
laulettiin
36%
laulut
36%
naurettiin
36%
puhe
36%
puhe
36%
pullakahvit
36%
sille
36%
tarjottiin
36%
tikku
36%
Nimipäiväsankarille
29%
pidettiin
29%
uinuttiin
29%
hämillään
21%
kiitokseksi
21%
mielissään
21%
punasteli
21%
rinnatusten
21%
röhkäs
21%
vitsikäs
21%
kaikin
14%
kohta
14%
matkattiin
14%
viimein
14%
kotilättiin
7%
sentään
7%
Ehtoja vastaavia visoja ei löytynyt
Tulosjakauma
Jokaisen tuloksen saaneiden osuus
Persentiili vastausten määrän mukaan
Tuloshistoriasi
Et ole pelannut tätä visaa